Language Quiz

Random Language or Latin Quiz

Latin Verbs I: Present, Active, Indicative Quiz Stats

Quiz not verified by Sporcle

Also try: 'EA' or 'IA'?
Challenge
Share
Tweet
Embed
Score 0/20 Timer 10:00
0 Plays Today
% Correct
amō
100%
amās
100%
amat
100%
amāmus
100%
amātis
100%
amant
100%
sum
96.3%
es
96.3%
est
96.3%
sumus
96.3%
% Correct
estis
96.3%
sunt
92.6%
we have
88.9%
habet
85.2%
I hear
81.5%
you are
81.5%
they read
77.8%
legitis
77.8%
audiunt
77.8%
potest
77.8%

You're not logged in!

Compare scores with friends on all Sporcle quizzes.
Sign Up with Email
OR
Log In

You Might Also Like...

Show Comments

Extras

Top Quizzes Today


Score Distribution

Your Account Isn't Verified!

In order to create a playlist on Sporcle, you need to verify the email address you used during registration. Go to your Sporcle Settings to finish the process.

Report this User

Report this user for behavior that violates our Community Guidelines.

Details: